<?xml version="1.0" encoding="UTF-8"?>
<record
    xmlns:xsi="http://www.w3.org/2001/XMLSchema-instance"
    xsi:schemaLocation="http://www.loc.gov/MARC21/slim http://www.loc.gov/standards/marcxml/schema/MARC21slim.xsd"
    xmlns="http://www.loc.gov/MARC21/slim">

  <leader>00909nam a2200217   4500</leader>
  <controlfield tag="001">85311</controlfield>
  <controlfield tag="003">BD-RjUL</controlfield>
  <controlfield tag="005">20250724124244.0</controlfield>
  <controlfield tag="008">250703s1964    pk ||||| |||| 00| 0 urd d</controlfield>
  <datafield tag="035" ind1=" " ind2=" ">
    <subfield code="a">(BD-RjUL)85311</subfield>
  </datafield>
  <datafield tag="040" ind1=" " ind2=" ">
    <subfield code="a">BD-RjUL</subfield>
    <subfield code="b">eng</subfield>
    <subfield code="c">BD-RjUL</subfield>
  </datafield>
  <datafield tag="041" ind1=" " ind2=" ">
    <subfield code="a">urd</subfield>
  </datafield>
  <datafield tag="082" ind1=" " ind2=" ">
    <subfield code="a">891.43909</subfield>
    <subfield code="2">23</subfield>
    <subfield code="b">HUT </subfield>
  </datafield>
  <datafield tag="100" ind1=" " ind2=" ">
    <subfield code="a">Hussain, Syed Ehtesham, , &#x62D;&#x633;&#x6CC;&#x646;&#x60C; &#x633;&#x649;&#x651;&#x62F; &#x627;&#x62D;&#x62A;&#x634;&#x627;&#x645;&#x60C; </subfield>
    <subfield code="d">1912-1972</subfield>
    <subfield code="9">15888</subfield>
  </datafield>
  <datafield tag="245" ind1="1" ind2="0">
    <subfield code="a">&#x62A;&#x646;&#x642;&#x649;&#x62F;&#x649; &#x646;&#x638;&#x631;&#x649;&#x651;&#x627;&#x62A; : &#x627;&#x635;&#x648;&#x644; &#x627;&#x648;&#x631; &#x641;&#x646; &#x62A;&#x646;&#x642;&#x649;&#x62F; &#x6A9;&#x6D2; &#x645;&#x62A;&#x639;&#x644;&#x642; &#x645;&#x636;&#x627;&#x645;&#x649;&#x646; &#x6A9;&#x627; &#x645;&#x62C;&#x645;&#x648;&#x639;&#x647; / Tanq&#x12B;d&#x12B; naz&#x324;ar&#x12B;yy&#x101;t : u&#x1E63;&#x16B;l aur fann-i tanq&#x12B;d ke muta&#x2BB;aliq ma&#x1E93;&#x101;m&#x12B;n k&#x101; majm&#x16B;&#x2BB;ah /</subfield>
    <subfield code="c">&#x645;&#x631;&#x62A;&#x628;&#x6C0; &#x633;&#x649;&#x651;&#x62F; &#x627;&#x62D;&#x62A;&#x634;&#x627;&#x645; &#x62D;&#x633;&#x649;&#x646;., &#x62D;&#x633;&#x649;&#x646;&#x60C; &#x633;&#x649;&#x651;&#x62F; &#x627;&#x62D;&#x62A;&#x634;&#x627;&#x645;&#x60C; 1912-1972, author (Author) / </subfield>
  </datafield>
  <datafield tag="250" ind1=" " ind2=" ">
    <subfield code="a">4rth.ed.</subfield>
  </datafield>
  <datafield tag="260" ind1=" " ind2=" ">
    <subfield code="a">Lakhnuw :</subfield>
    <subfield code="b">Sarfaraj </subfield>
    <subfield code="c">1964</subfield>
  </datafield>
  <datafield tag="300" ind1=" " ind2=" ">
    <subfield code="a">343 p. ;</subfield>
    <subfield code="c">17 cm</subfield>
  </datafield>
  <datafield tag="650" ind1=" " ind2=" ">
    <subfield code="a">Urdu literature</subfield>
    <subfield code="v">History and criticism</subfield>
  </datafield>
  <datafield tag="942" ind1=" " ind2=" ">
    <subfield code="2">ddc</subfield>
    <subfield code="c">BK</subfield>
  </datafield>
  <datafield tag="999" ind1=" " ind2=" ">
    <subfield code="c">85311</subfield>
    <subfield code="d">85311</subfield>
  </datafield>
  <datafield tag="952" ind1=" " ind2=" ">
    <subfield code="0">0</subfield>
    <subfield code="1">0</subfield>
    <subfield code="2">ddc</subfield>
    <subfield code="4">0</subfield>
    <subfield code="7">1</subfield>
    <subfield code="8">NFIC</subfield>
    <subfield code="a">RUCL</subfield>
    <subfield code="b">RUCL</subfield>
    <subfield code="c">Reading</subfield>
    <subfield code="d">1973-10-12</subfield>
    <subfield code="e">Quran Manjill, Rajshahi</subfield>
    <subfield code="g">6.23</subfield>
    <subfield code="o">U 891.43909 HUT 1964</subfield>
    <subfield code="r">2025-07-24 00:00:00</subfield>
    <subfield code="t">C-1</subfield>
    <subfield code="y">BK</subfield>
  </datafield>
</record>
